00418nam a22001457a 4500003000400000005001700004008004100021020001800062050002600080082002800106245006100134260005100195300002000246562000600266OSt20151029090225.0130306t xxu||||| |||| 00| 0 eng d a9781853263217 aPN 6421b.Ap646 1993  aIB 398.92103 bAp4 1993 aThe wordsworth dictionary of proverbs / cApperson, G.L. aLondon : bWordsworth Editions Limited,c1993. a721 p. c20 cm. e2